| 000 | 00387nam a2200121 a 4500 | ||
|---|---|---|---|
| 005 | 20140414093845.0 | ||
| 008 | 091020s19uu xx 00 eng d | ||
| 050 |
_aCD 495.1 _bCHI 2009 |
||
| 245 |
_aChinese pronunciation : _byour comprehensive, interactive guide to mastering sounds and tones in Chinese. |
||
| 650 |
_aChinese language _xPronunciation. |
||
| 942 | _cAVM | ||
| 999 |
_c109555 _d109555 |
||